Les joueurs avec le plus de coups francs - Statistiques

Statistiques générales
  • Ce quiz a été pris 125 fois
  • Le résultat moyen est 5 sur 10
Statistiques - réponses
Nombre Joueur % Correct
64 Cristiano Ronaldo
98%
66 Lionel Messi
98%
77 Juninho
90%
66 Ronaldinho
56%
65 David Beckham
54%
70 Pele
41%
62 Diego Maradona
27%
60 Ronald Koeman
20%
62 Zico
9%
66 Victor Legrotaglie
2%
Aucun quiz correspondant
Distribution des résultats
% des personnes avec chaque résultat
Percentile par nombre de réponses
Votre historique - résultats
Vous n’avez pas pris ce quiz